The big black book of 100 most common medical blunders (Record no. 16108)

MARC details
000 -LEADER
fixed length control field 00396nam a22001337a 4500
008 - FIXED-LENGTH DATA ELEMENTS--GENERAL INFORMATION
fixed length control field 160927b xxu||||| |||| 00| 0 eng d
040 ## - CATALOGING SOURCE
Original cataloging agency KABU
Transcribing agency KABU
050 ## - LIBRARY OF CONGRESS CALL NUMBER
Classification number R729.8
Item number .B54 2007 C.1
245 ## - TITLE STATEMENT
Title The big black book of 100 most common medical blunders
260 ## - PUBLICATION, DISTRIBUTION, ETC. (IMPRINT)
Place of publication, distribution, etc. USA
Date of publication, distribution, etc. 2007
300 ## - PHYSICAL DESCRIPTION
Extent 62 p.
650 ## - SUBJECT ADDED ENTRY--TOPICAL TERM
Source of heading or term Medical errors
942 ## - ADDED ENTRY ELEMENTS (KOHA)
Source of classification or shelving scheme Library of Congress Classification
Koha item type General Collection
Classification part R729.8 .B54 2007 C.1
Holdings
Withdrawn status Lost status Source of classification or shelving scheme Not for loan Home library Current library Shelving location Date acquired Cost, normal purchase price Total Checkouts Full call number Barcode Date last seen Date last checked out Copy number Price effective from Koha item type
    Library of Congress Classification   Kabarak, Main Campus Kabarak, Main Campus General Stacks 27/09/2016 1500.00 3 R729.8 .B54 2007 C.1 21665 19/06/2025 20/05/2025 C.1 27/09/2016 General Collection
Designed with assistance from East African Informatics Ltd